Múzsák egymás közt [grafika] /
Elmentve itt :
| Szerző: | |
|---|---|
| Dokumentumtípus: | Cikk |
| Megjelent: |
2006
|
| Sorozat: | Tiszatáj
60 No. 6 |
| Kulcsszavak: | Grafika - magyar |
| Online Access: | http://tiszataj.bibl.u-szeged.hu/19429 |
| LEADER | 00565nab a2200181 i 4500 | ||
|---|---|---|---|
| 001 | tisza19429 | ||
| 005 | 20200331092022.0 | ||
| 008 | 170419s2006 hu o 0|| hun d | ||
| 022 | |a 0133-1167 | ||
| 040 | |a SZTE Tiszatáj Archívum |b hun | ||
| 041 | |a hun | ||
| 100 | 1 | |a Pataki Ferenc | |
| 245 | 1 | 0 | |a Múzsák egymás közt |h [elektronikus dokumentum] : |b [grafika] / |c Pataki Ferenc |
| 260 | |c 2006 | ||
| 300 | |a 92 | ||
| 490 | 0 | |a Tiszatáj |v 60 No. 6 | |
| 695 | |a Grafika - magyar | ||
| 856 | 4 | 0 | |u http://tiszataj.bibl.u-szeged.hu/19429/1/tiszataj_2006_006_092.pdf |z Dokumentum-elérés |